[Event "European Online Club-ch-E 2021"]
[Site "Online"]
[Date "2021.03.27"]
[Round "4.18"]
[White "Roiz, Michael"]
[Black "Moussard, Jules"]
[Result "1-0"]
[WhiteElo "2579"]
[BlackElo "2635"]
[Annotator "ChessBase"]
[PlyCount "127"]
[EventDate "2021.03.27"]
[EventType "team-tourn"]
[EventCountry "NET"]
[SourceTitle "playchess.com"]
[Source "ChessBase"]
[SourceQuality "1"]
[TimeControl "900+5"]

1. d4 {[%emt 0:00:00]} f5 {[%emt 0:00:02]} 2. Bg5 {[%emt 0:00:05]} g6 {[%emt 0:00:05]} 3. Nc3 {[%emt 0:00:16]} Bg7 {[%emt 0:00:02]} 4. Nf3 {[%emt 0:00:14]} h6 {[%emt 0:00:36]} 5. Bd2 {[%emt 0:00:57]} e6 {[%emt 0:01:00]} 6. e4 {[%emt 0:00:10]} fxe4 {[%emt 0:00:25]} 7. Nxe4 {[%emt 0:00:01]} d5 {[%emt 0:00:01]} 8. Ng3 {[%emt 0:00:31]} Nc6 {[%emt 0:00:08]} 9. Bd3 {[%emt 0:01:14]} Nge7 {[%emt 0:00:22]} 10. c3 {[%emt 0:00:10]} O-O {[%emt 0:00:09]} 11. O-O {[%emt 0:00:03]} Nf5 {[%emt 0:00:11]} 12. Qc2 {[%emt 0:00:46]} g5 {[%emt 0:00:43]} 13. Rae1 {[%emt 0:02:19]} Bd7 {[%emt 0:02:13]} 14. h3 {[%emt 0:01:00]} Nxg3 {[%emt 0:01:15]} 15. fxg3 {[%emt 0:00:01]} Qe7 {[%emt 0:00:06]} 16. Qb3 {[%emt 0:00:53]} Qd6 {[%emt 0:00:49]} 17. g4 {[%emt 0:00:16]} Rae8 {[%emt 0:01:56]} 18. Bb1 {[%emt 0:00:28]} e5 {[%emt 0:00:15]} 19. dxe5 {[%emt 0:00:01]} Nxe5 {[%emt 0:00:01]} 20. Nd4 {[%emt 0:00:49]} Nc4 {[%emt 0:01:51]} 21. Qc2 {[%emt 0:00:26]} Rxf1+ {[%emt 0:00:03]} 22. Rxf1 {[%emt 0:00:01]} Re4 {[%emt 0:00:02]} 23. Bc1 {[%emt 0:00:28]} c5 {[%emt 0:00:52]} 24. Qf2 {[%emt 0:03:01]} cxd4 {[%emt 0:03:27]} 25. Bxe4 {[%emt 0:00:02]} dxe4 {[%emt 0:00:21]} 26. Qf7+ {[%emt 0:00:02]} Kh8 {[%emt 0:00:04]} 27. Qxc4 {[%emt 0:00:02]} Be6 {[%emt 0:00:11]} 28. Qe2 {[%emt 0:00:25]} Qc6 {[%emt 0:00:01]} 29. Re1 {[%emt 0:00:31]} dxc3 {[%emt 0:00:02]} 30. bxc3 {[%emt 0:00:02]} Bxc3 {[%emt 0:00:01]} 31. Bd2 {[%emt 0:00:48]} Bd4+ {[%emt 0:00:01]} 32. Be3 {[%emt 0:00:02]} Bg7 {[%emt 0:00:01]} 33. Bxa7 {[%emt 0:00:23]} Bd5 {[%emt 0:00:01]} 34. Qf2 {[%emt 0:00:10]} Bc4 {[%emt 0:00:07]} 35. Bd4 {[%emt 0:00:05]} Kh7 {[%emt 0:00:05]} 36. Bxg7 {[%emt 0:00:02]} Kxg7 {[%emt 0:00:01]} 37. Qd4+ {[%emt 0:00:02]} Kg8 {[%emt 0:00:01]} 38. Rxe4 {[%emt 0:00:13]} Bxa2 {[%emt 0:00:01]} 39. Qd8+ {[%emt 0:00:24]} Kg7 {[%emt 0:00:02]} 40. Qd4+ {[%emt 0:00:04]} Kg8 {[%emt 0:00:06]} 41. Re7 {[%emt 0:00:10]} Bf7 {[%emt 0:00:01]} 42. Qd8+ {[%emt 0:00:11]} Kg7 {[%emt 0:00:02]} 43. Qc7 {[%emt 0:00:11]} Qd5 {[%emt 0:00:03]} 44. Rd7 {[%emt 0:00:11]} Qe6 {[%emt 0:00:01]} 45. Qc3+ {[%emt 0:00:03]} Qf6 {[%emt 0:00:28]} 46. Qxf6+ {[%emt 0:00:03]} Kxf6 {[%emt 0:00:01]} 47. Rxb7 {[%emt 0:00:02]} Bd5 {[%emt 0:00:03]} 48. Rb6+ {[%emt 0:00:04]} Kg7 {[%emt 0:00:01]} 49. Kf2 {[%emt 0:00:02]} Be4 {[%emt 0:00:01]} 50. g3 {[%emt 0:00:06]} Ba8 {[%emt 0:00:10]} 51. Ke3 {[%emt 0:00:08]} Bg2 {[%emt 0:00:02]} 52. h4 {[%emt 0:00:02]} Bh3 {[%emt 0:00:01]} 53. Kf3 {[%emt 0:00:05]} Bf1 {[%emt 0:00:02]} 54. hxg5 {[%emt 0:00:08]} hxg5 {[%emt 0:00:01]} 55. Ke4 {[%emt 0:00:02]} Be2 {[%emt 0:00:13]} 56. Kf5 {[%emt 0:00:01]} Bd3+ {[%emt 0:00:00]} 57. Kxg5 {[%emt 0:00:02]} Be4 {[%emt 0:00:01]} 58. Ra6 {[%emt 0:00:04]} Bd3 {[%emt 0:00:01]} 59. Ra7+ {[%emt 0:00:01]} Kh8 {[%emt 0:00:01]} 60. Kh6 {[%emt 0:00:04]} Bc4 {[%emt 0:00:01]} 61. g5 {[%emt 0:00:01]} Bg8 {[%emt 0:00:02]} 62. g6 {[%emt 0:00:03]} Bd5 {[%emt 0:00:04]} 63. Rh7+ {[%emt 0:00:03]} Kg8 {[%emt 0:00:01]} 64. Rd7 {[%emt 0:00:02]} 1-0

[Event "European Online Club-ch-E 2021"]
[Site "Online"]
[Date "2021.03.27"]
[Round "4.19"]
[White "Gozzoli, Yannick"]
[Black "Postny, Evgeny"]
[Result "1/2-1/2"]
[WhiteElo "2600"]
[BlackElo "2605"]
[Annotator "ChessBase"]
[PlyCount "95"]
[EventDate "2021.03.27"]
[EventType "team-tourn"]
[EventCountry "NET"]
[SourceTitle "playchess.com"]
[Source "ChessBase"]
[SourceQuality "1"]
[TimeControl "900+5"]

1. d4 {[%emt 0:00:00]} Nf6 {[%emt 0:00:06]} 2. c4 {[%emt 0:00:22]} e6 {[%emt 0:00:01]} 3. Nf3 {[%emt 0:00:06]} b6 {[%emt 0:00:02]} 4. g3 {[%emt 0:00:10]} Bb4+ {[%emt 0:00:04]} 5. Bd2 {[%emt 0:00:08]} Bxd2+ {[%emt 0:00:02]} 6. Qxd2 {[%emt 0:00:03]} Ba6 {[%emt 0:00:02]} 7. b3 {[%emt 0:00:51]} c6 {[%emt 0:00:02]} 8. Bg2 {[%emt 0:00:07]} d5 {[%emt 0:00:01]} 9. Ne5 {[%emt 0:01:19]} Nfd7 {[%emt 0:00:25]} 10. Nxd7 {[%emt 0:00:08]} Nxd7 {[%emt 0:00:04]} 11. cxd5 {[%emt 0:00:59]} cxd5 {[%emt 0:00:03]} 12. O-O {[%emt 0:00:02]} O-O {[%emt 0:00:06]} 13. Rc1 {[%emt 0:00:14]} Qe7 {[%emt 0:00:20]} 14. Nc3 {[%emt 0:00:18]} Rac8 {[%emt 0:00:25]} 15. Rc2 {[%emt 0:00:06]} Nf6 {[%emt 0:00:45]} 16. Rac1 {[%emt 0:00:07]} Qd6 {[%emt 0:00:21]} 17. Bf1 {[%emt 0:00:17]} Qd7 {[%emt 0:00:56]} 18. f3 {[%emt 0:00:24]} h6 {[%emt 0:00:09]} 19. Kf2 {[%emt 0:00:25]} Rfe8 {[%emt 0:00:30]} 20. Nd1 {[%emt 0:00:27]} Rxc2 {[%emt 0:00:06]} 21. Rxc2 {[%emt 0:00:01]} Rc8 {[%emt 0:00:04]} 22. Rxc8+ {[%emt 0:00:03]} Qxc8 {[%emt 0:00:03]} 23. Qc3 {[%emt 0:00:02]} Qxc3 {[%emt 0:00:17]} 24. Nxc3 {[%emt 0:00:00]} Kf8 {[%emt 0:00:01]} 25. h3 {[%emt 0:00:18]} Ke7 {[%emt 0:00:05]} 26. Bg2 {[%emt 0:00:06]} Kd6 {[%emt 0:00:18]} 27. f4 {[%emt 0:00:02]} Ne8 {[%emt 0:00:11]} 28. Bf3 {[%emt 0:00:30]} Ke7 {[%emt 0:00:14]} 29. g4 {[%emt 0:00:07]} g5 {[%emt 0:00:16]} 30. Kg3 {[%emt 0:00:04]} Nd6 {[%emt 0:00:11]} 31. h4 {[%emt 0:00:02]} f6 {[%emt 0:00:05]} 32. e3 {[%emt 0:00:05]} Bd3 {[%emt 0:00:09]} 33. hxg5 {[%emt 0:00:07]} hxg5 {[%emt 0:00:09]} 34. f5 {[%emt 0:00:58]} exf5 {[%emt 0:01:12]} 35. Nxd5+ {[%emt 0:00:05]} Ke6 {[%emt 0:00:14]} 36. gxf5+ {[%emt 0:01:01]} Kxf5 {[%emt 0:00:52]} 37. Nc3 {[%emt 0:00:19]} Be4 {[%emt 0:01:26]} 38. Nxe4 {[%emt 0:03:50]} Nxe4+ {[%emt 0:00:03]} 39. Bxe4+ {[%emt 0:00:00]} Kxe4 {[%emt 0:00:02]} 40. Kg4 {[%emt 0:00:00]} b5 {[%emt 0:02:05]} 41. b4 {[%emt 0:01:15]} Kd5 {[%emt 0:00:12]} 42. Kf5 {[%emt 0:00:03]} Kc4 {[%emt 0:00:35]} 43. a3 {[%emt 0:00:02]} Kd5 {[%emt 0:00:16]} 44. Kg4 {[%emt 0:00:01]} Ke4 {[%emt 0:00:16]} 45. Kh5 {[%emt 0:01:11]} Kd5 {[%emt 0:03:25]} 46. Kg4 {[%emt 0:00:13]} Ke4 {[%emt 0:00:19]} 47. Kh5 {[%emt 0:00:08]} Kd5 {[%emt 0:00:29]} 48. Kg4 {[%emt 0:00:02]} 1/2-1/2

[Event "European Online Club-ch-E 2021"]
[Site "Online"]
[Date "2021.03.27"]
[Round "4.20"]
[White "Steinberg, Nitzan"]
[Black "Cornette, Matthieu"]
[Result "1/2-1/2"]
[WhiteElo "2553"]
[BlackElo "2555"]
[Annotator "ChessBase"]
[PlyCount "83"]
[EventDate "2021.03.27"]
[EventType "team-tourn"]
[EventCountry "NET"]
[SourceTitle "playchess.com"]
[Source "ChessBase"]
[SourceQuality "1"]
[TimeControl "900+5"]

1. e4 {[%emt 0:00:00]} c5 {[%emt 0:00:04]} 2. Nf3 {[%emt 0:00:02]} Nc6 {[%emt 0:00:02]} 3. Bb5 {[%emt 0:00:06]} e6 {[%emt 0:00:06]} 4. O-O {[%emt 0:00:04]} Nge7 {[%emt 0:00:02]} 5. Re1 {[%emt 0:00:02]} Nd4 {[%emt 0:00:03]} 6. Nxd4 {[%emt 0:00:03]} cxd4 {[%emt 0:00:00]} 7. d3 {[%emt 0:00:05]} a6 {[%emt 0:00:07]} 8. Ba4 {[%emt 0:00:02]} b5 {[%emt 0:00:02]} 9. Bb3 {[%emt 0:00:01]} Bb7 {[%emt 0:00:06]} 10. Nd2 {[%emt 0:00:28]} Nc6 {[%emt 0:00:09]} 11. a3 {[%emt 0:00:02]} Qc7 {[%emt 0:00:28]} 12. Nf3 {[%emt 0:00:14]} Bd6 {[%emt 0:00:44]} 13. Bd2 {[%emt 0:00:03]} O-O {[%emt 0:00:07]} 14. c3 {[%emt 0:00:17]} Bc5 {[%emt 0:03:22]} 15. Rc1 {[%emt 0:00:10]} Qb6 {[%emt 0:00:16]} 16. Qe2 {[%emt 0:03:01]} dxc3 {[%emt 0:00:32]} 17. Bxc3 {[%emt 0:00:04]} Nd4 {[%emt 0:00:05]} 18. Bxd4 {[%emt 0:00:36]} Bxd4 {[%emt 0:00:06]} 19. Nxd4 {[%emt 0:00:02]} Qxd4 {[%emt 0:00:03]} 20. Rc3 {[%emt 0:00:06]} Rac8 {[%emt 0:02:34]} 21. Rec1 {[%emt 0:00:03]} Rc6 {[%emt 0:00:19]} 22. Qe3 {[%emt 0:00:22]} Qxe3 {[%emt 0:00:28]} 23. fxe3 {[%emt 0:00:02]} Rfc8 {[%emt 0:00:02]} 24. Rxc6 {[%emt 0:00:04]} Rxc6 {[%emt 0:00:04]} 25. Rxc6 {[%emt 0:00:25]} Bxc6 {[%emt 0:00:03]} 26. Kf2 {[%emt 0:00:14]} f6 {[%emt 0:00:04]} 27. Bc2 {[%emt 0:00:17]} Kf7 {[%emt 0:00:37]} 28. d4 {[%emt 0:00:05]} h6 {[%emt 0:00:32]} 29. g3 {[%emt 0:00:18]} Ke7 {[%emt 0:00:09]} 30. Ke2 {[%emt 0:00:07]} d6 {[%emt 0:00:09]} 31. Kd2 {[%emt 0:00:23]} Kd7 {[%emt 0:00:12]} 32. Kc3 {[%emt 0:00:10]} Kc7 {[%emt 0:00:02]} 33. Bb3 {[%emt 0:00:16]} e5 {[%emt 0:00:18]} 34. Bc2 {[%emt 0:00:05]} Be8 {[%emt 0:00:08]} 35. Bb3 {[%emt 0:00:29]} Bh5 {[%emt 0:00:29]} 36. Kd2 {[%emt 0:00:25]} Bf3 {[%emt 0:00:04]} 37. Bc2 {[%emt 0:00:08]} Kb6 {[%emt 0:00:15]} 38. Kc3 {[%emt 0:00:07]} Bg2 {[%emt 0:00:16]} 39. Bd3 {[%emt 0:00:07]} Bf3 {[%emt 0:00:03]} 40. Bc2 {[%emt 0:00:02]} Bg2 {[%emt 0:00:01]} 41. Bd3 {[%emt 0:00:01]} Bf3 {[%emt 0:00:02]} 42. Bc2 {[%emt 0:00:02]} 1/2-1/2

[Event "European Online Club-ch-E 2021"]
[Site "Online"]
[Date "2021.03.27"]
[Round "5.1"]
[White "Mikhalevski, Victor"]
[Black "Coursaget, Nicolas"]
[Result "1-0"]
[WhiteElo "2552"]
[BlackElo "2192"]
[Annotator "ChessBase"]
[PlyCount "77"]
[EventDate "2021.03.27"]
[EventType "team-tourn"]
[EventCountry "NET"]
[SourceTitle "playchess.com"]
[Source "ChessBase"]
[SourceQuality "1"]
[TimeControl "900+5"]

1. c4 {[%emt 0:00:00]} Nf6 {[%emt 0:05:16]} 2. g3 {[%emt 0:00:08]} e5 {[%emt 0:00:07]} 3. Bg2 {[%emt 0:00:02]} c6 {[%emt 0:00:07]} 4. Nf3 {[%emt 0:00:03]} Qc7 {[%emt 0:00:07]} 5. Qc2 {[%emt 0:01:25]} g6 {[%emt 0:00:14]} 6. d4 {[%emt 0:00:39]} exd4 {[%emt 0:00:05]} 7. Nxd4 {[%emt 0:00:02]} Bg7 {[%emt 0:00:02]} 8. O-O {[%emt 0:00:06]} O-O {[%emt 0:00:04]} 9. Bf4 {[%emt 0:00:14]} Qa5 {[%emt 0:00:02]} 10. Bd6 {[%emt 0:00:26]} Re8 {[%emt 0:00:06]} 11. Nc3 {[%emt 0:00:08]} Qh5 {[%emt 0:00:16]} 12. h3 {[%emt 0:00:11]} Bf8 {[%emt 0:01:18]} 13. g4 {[%emt 0:00:51]} Qh6 {[%emt 0:00:21]} 14. Bg3 {[%emt 0:00:24]} d6 {[%emt 0:00:11]} 15. Rad1 {[%emt 0:00:12]} Nbd7 {[%emt 0:00:13]} 16. Nf3 {[%emt 0:00:11]} Qg7 {[%emt 0:00:06]} 17. Bxd6 {[%emt 0:00:14]} Bxd6 {[%emt 0:00:06]} 18. Rxd6 {[%emt 0:00:02]} Nc5 {[%emt 0:00:03]} 19. Rfd1 {[%emt 0:00:15]} Be6 {[%emt 0:00:12]} 20. b3 {[%emt 0:00:40]} h6 {[%emt 0:00:09]} 21. Nd4 {[%emt 0:00:51]} Bd7 {[%emt 0:00:22]} 22. b4 {[%emt 0:00:18]} Ne6 {[%emt 0:00:09]} 23. Nf3 {[%emt 0:00:24]} Nf4 {[%emt 0:00:30]} 24. e3 {[%emt 0:00:31]} Nxg2 {[%emt 0:00:14]} 25. Kxg2 {[%emt 0:00:02]} Be6 {[%emt 0:00:13]} 26. Ne2 {[%emt 0:00:04]} h5 {[%emt 0:01:30]} 27. Ng5 {[%emt 0:01:18]} hxg4 {[%emt 0:00:12]} 28. Nxe6 {[%emt 0:00:03]} gxh3+ {[%emt 0:00:02]} 29. Kxh3 {[%emt 0:00:03]} Rxe6 {[%emt 0:00:18]} 30. Rxe6 {[%emt 0:00:06]} fxe6 {[%emt 0:00:07]} 31. Kg2 {[%emt 0:00:23]} e5 {[%emt 0:00:22]} 32. Ng3 {[%emt 0:00:17]} Rf8 {[%emt 0:00:07]} 33. c5 {[%emt 0:01:47]} Qf7 {[%emt 0:00:10]} 34. Rd6 {[%emt 0:00:11]} Kg7 {[%emt 0:00:25]} 35. Qe2 {[%emt 0:01:03]} Nd5 {[%emt 0:00:15]} 36. a3 {[%emt 0:00:19]} Kh7 {[%emt 0:01:09]} 37. Kg1 {[%emt 0:00:46]} Qe7 {[%emt 0:00:34]} 38. Qg4 {[%emt 0:00:14]} Rf6 {[%emt 0:00:17]} 39. Rd7 {[%emt 0:00:05]} 1-0

[Event "European Online Club-ch-E 2021"]
[Site "Online"]
[Date "2021.03.27"]
[Round "5.2"]
[White "Barbini, Denis"]
[Black "Roiz, Michael"]
[Result "0-1"]
[WhiteElo "2035"]
[BlackElo "2579"]
[Annotator "ChessBase"]
[PlyCount "78"]
[EventDate "2021.03.27"]
[EventType "team-tourn"]
[EventCountry "NET"]
[SourceTitle "playchess.com"]
[Source "ChessBase"]
[SourceQuality "1"]
[TimeControl "900+5"]

1. Nf3 {[%emt 0:00:00]} Nf6 {[%emt 0:00:13]} 2. g3 {[%emt 0:00:03]} c5 {[%emt 0:00:02]} 3. Bg2 {[%emt 0:00:02]} Nc6 {[%emt 0:00:02]} 4. O-O {[%emt 0:00:03]} e5 {[%emt 0:00:01]} 5. d3 {[%emt 0:00:03]} d5 {[%emt 0:00:02]} 6. e4 {[%emt 0:00:05]} Be7 {[%emt 0:00:05]} 7. Nc3 {[%emt 0:00:36]} d4 {[%emt 0:00:02]} 8. Ne2 {[%emt 0:00:06]} Nd7 {[%emt 0:00:03]} 9. Ne1 {[%emt 0:01:05]} h5 {[%emt 0:00:03]} 10. f4 {[%emt 0:00:06]} h4 {[%emt 0:00:02]} 11. Nf3 {[%emt 0:00:16]} hxg3 {[%emt 0:00:03]} 12. hxg3 {[%emt 0:00:03]} Nf6 {[%emt 0:01:18]} 13. fxe5 {[%emt 0:00:51]} Ng4 {[%emt 0:00:03]} 14. c3 {[%emt 0:00:22]} Ngxe5 {[%emt 0:01:33]} 15. Nxe5 {[%emt 0:00:58]} Nxe5 {[%emt 0:00:02]} 16. cxd4 {[%emt 0:00:01]} cxd4 {[%emt 0:00:02]} 17. Bf4 {[%emt 0:00:48]} Nc6 {[%emt 0:03:01]} 18. Bd2 {[%emt 0:02:24]} Ne5 {[%emt 0:02:08]} 19. Bf4 {[%emt 0:00:04]} Bf6 {[%emt 0:01:00]} 20. Bxe5 {[%emt 0:01:53]} Bxe5 {[%emt 0:00:02]} 21. Nf4 {[%emt 0:00:02]} Qg5 {[%emt 0:01:49]} 22. Qf3 {[%emt 0:00:22]} Bg4 {[%emt 0:00:14]} 23. Qf2 {[%emt 0:00:02]} O-O-O {[%emt 0:00:51]} 24. Rfc1+ {[%emt 0:00:11]} Kb8 {[%emt 0:00:02]} 25. Rc5 {[%emt 0:01:02]} f6 {[%emt 0:00:13]} 26. Rac1 {[%emt 0:00:36]} Qh6 {[%emt 0:00:01]} 27. Kf1 {[%emt 0:01:29]} Qh2 {[%emt 0:01:11]} 28. Ke1 {[%emt 0:03:26]} Bd6 {[%emt 0:00:47]} 29. R5c4 {[%emt 0:00:13]} g5 {[%emt 0:00:09]} 30. Ne2 {[%emt 0:00:03]} Bxe2 {[%emt 0:00:39]} 31. Kxe2 {[%emt 0:00:03]} Bxg3 {[%emt 0:00:01]} 32. Qf3 {[%emt 0:00:01]} g4 {[%emt 0:00:08]} 33. Qf1 {[%emt 0:00:16]} Be5 {[%emt 0:00:22]} 34. Kd1 {[%emt 0:00:04]} Qg3 {[%emt 0:00:05]} 35. Kc2 {[%emt 0:00:03]} Rh2 {[%emt 0:00:06]} 36. Kb1 {[%emt 0:00:05]} Qxg2 {[%emt 0:00:04]} 37. Rc8+ {[%emt 0:00:04]} Rxc8 {[%emt 0:00:02]} 38. Rxc8+ {[%emt 0:00:02]} Kxc8 {[%emt 0:00:02]} 39. Qf5+ {[%emt 0:00:01]} Kc7 {[%emt 0:00:02]} 0-1

[Event "European Online Club-ch-E 2021"]
[Site "Online"]
[Date "2021.03.27"]
[Round "5.3"]
[White "Postny, Evgeny"]
[Black "Lejeune, Gael"]
[Result "1-0"]
[WhiteElo "2605"]
[BlackElo "2070"]
[Annotator "ChessBase"]
[PlyCount "187"]
[EventDate "2021.03.27"]
[EventType "team-tourn"]
[EventCountry "NET"]
[SourceTitle "playchess.com"]
[Source "ChessBase"]
[SourceQuality "1"]
[TimeControl "900+5"]

1. d4 {[%emt 0:00:00]} d5 {[%emt 0:00:07]} 2. c4 {[%emt 0:00:03]} e6 {[%emt 0:00:02]} 3. Nf3 {[%emt 0:00:02]} Nf6 {[%emt 0:00:05]} 4. g3 {[%emt 0:00:01]} Be7 {[%emt 0:00:14]} 5. Bg2 {[%emt 0:00:02]} O-O {[%emt 0:00:02]} 6. O-O {[%emt 0:00:01]} c6 {[%emt 0:00:03]} 7. b3 {[%emt 0:00:10]} Re8 {[%emt 0:01:20]} 8. Nc3 {[%emt 0:00:05]} Nbd7 {[%emt 0:00:02]} 9. Bb2 {[%emt 0:00:19]} Nf8 {[%emt 0:01:16]} 10. Qc2 {[%emt 0:00:16]} Bd7 {[%emt 0:00:19]} 11. e4 {[%emt 0:00:04]} dxe4 {[%emt 0:00:05]} 12. Nxe4 {[%emt 0:00:01]} Nxe4 {[%emt 0:00:01]} 13. Qxe4 {[%emt 0:00:03]} Bf6 {[%emt 0:00:07]} 14. Ne5 {[%emt 0:00:16]} Qa5 {[%emt 0:00:18]} 15. Qe3 {[%emt 0:01:09]} Rad8 {[%emt 0:00:21]} 16. Bc3 {[%emt 0:00:25]} Qc7 {[%emt 0:00:05]} 17. Rad1 {[%emt 0:00:08]} Bc8 {[%emt 0:00:17]} 18. h4 {[%emt 0:00:20]} Bxe5 {[%emt 0:00:48]} 19. dxe5 {[%emt 0:00:04]} c5 {[%emt 0:00:03]} 20. h5 {[%emt 0:00:33]} h6 {[%emt 0:00:31]} 21. Kh2 {[%emt 0:03:35]} b6 {[%emt 0:00:23]} 22. Qe4 {[%emt 0:00:07]} Rxd1 {[%emt 0:01:39]} 23. Rxd1 {[%emt 0:00:04]} Rd8 {[%emt 0:00:03]} 24. Rd2 {[%emt 0:00:38]} Rxd2 {[%emt 0:01:48]} 25. Bxd2 {[%emt 0:00:04]} Nd7 {[%emt 0:00:01]} 26. Bf4 {[%emt 0:00:17]} a6 {[%emt 0:01:24]} 27. g4 {[%emt 0:00:32]} b5 {[%emt 0:00:13]} 28. Bg3 {[%emt 0:00:08]} bxc4 {[%emt 0:00:14]} 29. bxc4 {[%emt 0:00:13]} Nf8 {[%emt 0:01:10]} 30. Qa8 {[%emt 0:01:29]} a5 {[%emt 0:00:52]} 31. f4 {[%emt 0:00:27]} Bd7 {[%emt 0:00:10]} 32. Bh4 {[%emt 0:01:31]} Ba4 {[%emt 0:00:09]} 33. Be1 {[%emt 0:00:17]} Bd1 {[%emt 0:00:09]} 34. Kh3 {[%emt 0:00:41]} Qd7 {[%emt 0:00:40]} 35. Qe4 {[%emt 0:00:39]} a4 {[%emt 0:00:11]} 36. a3 {[%emt 0:00:42]} g6 {[%emt 0:00:44]} 37. Qe3 {[%emt 0:00:26]} gxh5 {[%emt 0:00:16]} 38. gxh5 {[%emt 0:00:07]} Bxh5 {[%emt 0:00:05]} 39. Qxc5 {[%emt 0:00:08]} Qd3+ {[%emt 0:00:19]} 40. Bg3 {[%emt 0:00:08]} Ng6 {[%emt 0:00:17]} 41. Kh2 {[%emt 0:00:04]} Be2 {[%emt 0:00:35]} 42. Qc6 {[%emt 0:01:30]} Qxc4 {[%emt 0:00:21]} 43. Qxc4 {[%emt 0:00:02]} Bxc4 {[%emt 0:00:01]} 44. Kg1 {[%emt 0:00:04]} h5 {[%emt 0:00:02]} 45. Kf2 {[%emt 0:00:08]} h4 {[%emt 0:00:03]} 46. Bh2 {[%emt 0:00:01]} Ne7 {[%emt 0:00:07]} 47. Ke3 {[%emt 0:00:11]} Nf5+ {[%emt 0:00:04]} 48. Kd2 {[%emt 0:00:08]} Kg7 {[%emt 0:00:21]} 49. Bf3 {[%emt 0:00:08]} h3 {[%emt 0:00:16]} 50. Bd1 {[%emt 0:00:20]} Bb5 {[%emt 0:00:05]} 51. Bg4 {[%emt 0:00:03]} Bf1 {[%emt 0:00:13]} 52. Ke1 {[%emt 0:00:02]} Bg2 {[%emt 0:00:05]} 53. Bd1 {[%emt 0:00:02]} Bc6 {[%emt 0:00:04]} 54. Kf2 {[%emt 0:00:05]} Nd4 {[%emt 0:00:04]} 55. Kg3 {[%emt 0:00:08]} Kg6 {[%emt 0:00:10]} 56. Bg1 {[%emt 0:00:10]} Nb3 {[%emt 0:00:10]} 57. Bc2+ {[%emt 0:00:05]} Kg7 {[%emt 0:00:02]} 58. Kxh3 {[%emt 0:00:03]} Nc1 {[%emt 0:00:03]} 59. Be3 {[%emt 0:00:09]} Ne2 {[%emt 0:00:01]} 60. Bd3 {[%emt 0:00:07]} Nc3 {[%emt 0:00:03]} 61. Kg3 {[%emt 0:00:04]} Nb5 {[%emt 0:00:02]} 62. Bc5 {[%emt 0:00:04]} Nc3 {[%emt 0:00:02]} 63. Bb4 {[%emt 0:00:07]} Nd5 {[%emt 0:00:03]} 64. Bd2 {[%emt 0:00:06]} Kf8 {[%emt 0:00:04]} 65. Kf2 {[%emt 0:00:07]} Ke7 {[%emt 0:00:03]} 66. Bc4 {[%emt 0:00:04]} f6 {[%emt 0:00:03]} 67. Ke2 {[%emt 0:00:04]} fxe5 {[%emt 0:00:03]} 68. fxe5 {[%emt 0:00:02]} Kd7 {[%emt 0:00:02]} 69. Kd3 {[%emt 0:00:02]} Nc7 {[%emt 0:00:07]} 70. Ba2 {[%emt 0:00:14]} Bd5 {[%emt 0:00:06]} 71. Bb1 {[%emt 0:00:02]} Nb5 {[%emt 0:00:04]} 72. Bb4 {[%emt 0:00:03]} Kc6 {[%emt 0:00:03]} 73. Ke3 {[%emt 0:00:02]} Bb3 {[%emt 0:00:12]} 74. Be4+ {[%emt 0:00:04]} Bd5 {[%emt 0:00:01]} 75. Bg6 {[%emt 0:00:03]} Bb3 {[%emt 0:00:03]} 76. Be8+ {[%emt 0:00:03]} Kb6 {[%emt 0:00:02]} 77. Kf4 {[%emt 0:00:11]} Bd5 {[%emt 0:00:11]} 78. Kg5 {[%emt 0:00:04]} Nc7 {[%emt 0:00:04]} 79. Bxa4 {[%emt 0:00:05]} Bc6 {[%emt 0:00:08]} 80. Bd1 {[%emt 0:00:06]} Nd5 {[%emt 0:00:03]} 81. Bd2 {[%emt 0:00:05]} Kc5 {[%emt 0:00:04]} 82. Bc1 {[%emt 0:00:11]} Kd4 {[%emt 0:00:03]} 83. Bb2+ {[%emt 0:00:02]} Kc4 {[%emt 0:00:07]} 84. Kg6 {[%emt 0:00:06]} Be8+ {[%emt 0:00:02]} 85. Kg7 {[%emt 0:00:03]} Kd3 {[%emt 0:00:06]} 86. Kf8 {[%emt 0:00:03]} Bc6 {[%emt 0:00:02]} 87. Kf7 {[%emt 0:00:05]} Nf4 {[%emt 0:00:06]} 88. Bc1 {[%emt 0:00:07]} Nd5 {[%emt 0:00:12]} 89. Kxe6 {[%emt 0:00:04]} Nc3 {[%emt 0:00:01]} 90. Bg4 {[%emt 0:00:10]} Ba4 {[%emt 0:00:08]} 91. Bh6 {[%emt 0:00:06]} Kc2 {[%emt 0:00:05]} 92. Bf8 {[%emt 0:00:03]} Kb3 {[%emt 0:00:04]} 93. Kf7 {[%emt 0:00:04]} Nb5 {[%emt 0:00:10]} 94. Bd1+ {[%emt 0:00:02]} 1-0

[Event "European Online Club-ch-E 2021"]
[Site "Online"]
[Date "2021.03.27"]
[Round "5.4"]
[White "Marchadour, Emilie"]
[Black "Huzman, Alexander"]
[Result "0-1"]
[WhiteElo "2006"]
[BlackElo "2561"]
[Annotator "ChessBase"]
[PlyCount "81"]
[EventDate "2021.03.27"]
[EventType "team-tourn"]
[EventCountry "NET"]
[SourceTitle "playchess.com"]
[Source "ChessBase"]
[SourceQuality "1"]
[TimeControl "900+5"]

1. e4 {[%emt 0:00:00]} e6 {[%emt 0:00:13]} 2. d4 {[%emt 0:00:05]} d5 {[%emt 0:00:03]} 3. Nc3 {[%emt 0:00:09]} Bb4 {[%emt 0:00:19]} 4. e5 {[%emt 0:00:07]} Qd7 {[%emt 0:00:02]} 5. Qg4 {[%emt 0:00:26]} Bf8 {[%emt 0:00:04]} 6. f4 {[%emt 0:00:32]} b6 {[%emt 0:00:05]} 7. Bd2 {[%emt 0:00:26]} Ba6 {[%emt 0:00:06]} 8. O-O-O {[%emt 0:00:17]} Bxf1 {[%emt 0:00:22]} 9. Rxf1 {[%emt 0:00:02]} Nc6 {[%emt 0:00:02]} 10. Nge2 {[%emt 0:00:22]} Nge7 {[%emt 0:00:05]} 11. Qf3 {[%emt 0:00:58]} Nf5 {[%emt 0:00:20]} 12. Qf2 {[%emt 0:00:08]} h5 {[%emt 0:00:05]} 13. g3 {[%emt 0:00:11]} O-O-O {[%emt 0:00:50]} 14. h3 {[%emt 0:00:14]} h4 {[%emt 0:00:32]} 15. g4 {[%emt 0:00:18]} Ng3 {[%emt 0:00:02]} 16. Nxg3 {[%emt 0:00:12]} hxg3 {[%emt 0:00:03]} 17. Qxg3 {[%emt 0:00:42]} Nxd4 {[%emt 0:00:03]} 18. Qd3 {[%emt 0:00:20]} c5 {[%emt 0:00:10]} 19. Be3 {[%emt 0:01:55]} Nc6 {[%emt 0:00:04]} 20. Qa6+ {[%emt 0:01:19]} Qb7 {[%emt 0:01:20]} 21. Qxb7+ {[%emt 0:00:19]} Kxb7 {[%emt 0:00:01]} 22. Bd2 {[%emt 0:00:02]} Be7 {[%emt 0:00:03]} 23. Be1 {[%emt 0:00:23]} a6 {[%emt 0:01:18]} 24. Bg3 {[%emt 0:00:23]} Bh4 {[%emt 0:00:07]} 25. Bh2 {[%emt 0:01:38]} Rh7 {[%emt 0:00:10]} 26. Ne2 {[%emt 0:01:45]} Rdh8 {[%emt 0:00:15]} 27. Rf3 {[%emt 0:00:25]} Bd8 {[%emt 0:00:25]} 28. Bg1 {[%emt 0:00:03]} g5 {[%emt 0:00:13]} 29. Be3 {[%emt 0:00:46]} Bc7 {[%emt 0:00:34]} 30. Bd2 {[%emt 0:01:43]} gxf4 {[%emt 0:00:04]} 31. Nxf4 {[%emt 0:00:13]} Nxe5 {[%emt 0:00:05]} 32. Rg3 {[%emt 0:00:02]} Nc4 {[%emt 0:00:08]} 33. Rf3 {[%emt 0:00:16]} Ne5 {[%emt 0:00:58]} 34. Rg3 {[%emt 0:00:11]} Kc6 {[%emt 0:00:32]} 35. Nh5 {[%emt 0:00:42]} Nxg4 {[%emt 0:00:14]} 36. Rxg4 {[%emt 0:00:03]} Rxh5 {[%emt 0:00:03]} 37. h4 {[%emt 0:00:12]} Bd8 {[%emt 0:00:20]} 38. Be1 {[%emt 0:00:05]} R8h6 {[%emt 0:00:13]} 39. Rf4 {[%emt 0:00:07]} f5 {[%emt 0:00:07]} 40. Ra4 {[%emt 0:00:07]} a5 {[%emt 0:00:05]} 41. a3 {[%emt 0:00:04]} 0-1